000 00916nam a2200241Ia 4500
003 GCL
005 20240530102526.0
008 140319s9999 xx 000 0 ara d
020 _a0825401977
040 _aGCL /
_cGCL
082 0 4 _a355.00932
_bق/ع ت
100 1 _aعزالدين اسماعيل احمد
245 1 0 _aتاريخ الجيش المصرى فى عصور ما قبل التاريخ /
_cعزالدين اسماعيل احمد
260 _aالقاهرة :
_bالهيئة المصرية العامة للكتاب ،
_c2003
300 _a295 ص ؛
_c22 سم
490 _aتاريخ المصريين
_v230
650 0 4 _aالعلوم الحربية
650 0 4 _aفن القتال
650 0 4 _aمصر - الجيش
650 0 4 _aمصر القديمة - تاريخ - الدولة الحديثة ( 1580 - 525 ق . م )
650 0 4 _aمصر - الاحوال العسكرية
942 _2ddc
_cBK
999 _c32871
_d32871